National Assembly Library of Thailand
มุมมองปกติ มุมมองแบบ MARC
  • Organizational behavior

รายการ Topical Term

จำนวนระเบียนที่ใช้: 1

001 - CONTROL NUMBER

  • control field: 13207

003 - CONTROL NUMBER IDENTIFIER

  • control field: NALT

005 - DATE AND TIME OF LATEST TRANSACTION

  • control field: 20170929104632.0

008 - FIXED-LENGTH DATA ELEMENTS

  • fixed length control field: 170818|| aca||aabn | a|a d

040 ## - CATALOGING SOURCE

  • Original cataloging agency: NALT
  • Transcribing agency: NALT

150 ## - HEADING--TOPICAL TERM

  • Topical term or geographic name entry element: Organizational behavior
  • Geographic subdivision: United States

670 ## - SOURCE DATA FOUND

  • Source citation: Work cat.: (NALT)50344: Lazega, Emmanuel 13205, The collegial phenomenon : the social mechanisms of cooperating among peers in a corporate law partnership, 2001
หอสมุดรัฐสภา
สำนักงานเลขาธิการสภาผู้แทนราษฎร เลขที่ 1111 ถนนสามเสน แขวงถนนนครไชยศรี เขตดุสิต กรุงเทพฯ 10300
The Secretariat of the House of Representatives 1111 Samsen Road, Thanon Nakhon Chai Si, Dusit, Bangkok 10300, THAILAND
โทรศัพท์: +66(0) 2242 5900 ต่อ 5714-5 โทรสาร: +66(0) 2242 5990 อีเมล: [email protected]